Peppa Pig Sudden Death - Statistics

General Stats
  • This quiz has been taken 206 times
  • The average score is 7 of 20
Answers on the Grid
Answers color-coded by a green-red scale on the quiz's grid according to % correct below.
Balloon Cat
Barry Sheep
Belinda Bear
Candy Cat
Carol Cow
Danny Dog
Delphine Dog
Emily Elephant
Freddy Fox
Gabriella Goat
George Pig
Gerald Giraffe
Goldie Giraffe
Lotte Llama
Lulu Llama
Mandy Mouse
Pedro Pony
Peggy Pig
Penny Panda
Polly Polar Bear
Rachel Raccoon
Randy Rhinoceros
Rebecca Rabbit
Simon Squirrel
Steven Squirrel
Suzy Sheep
Wendy Wolf
Zoë Zebra
 
Answer Stats
Answer % Correct
Danny Dog
64%
George Pig
59%
Candy Cat
58%
Freddy Fox
55%
Pedro Pony
52%
Emily Elephant
51%
Suzy Sheep
47%
Gerald Giraffe
43%
Zoë Zebra
41%
Belinda Bear
35%
Rebecca Rabbit
35%
Wendy Wolf
29%
Mandy Mouse
28%
Gabriella Goat
20%
Carol Cow
19%
Barry Sheep
12%
Lotte Llama
12%
Balloon Cat
10%
Simon Squirrel
9%
Randy Rhinoceros
4%
No matching quizzes found
Score Distribution
Percent of People with Each Score
Percentile by Number Answered
Your Score History
You have not taken this quiz